|
|
|
|
| LEADER |
00000nab a2200000 a 4500 |
| 001 |
vtls000860894 |
| 003 |
SK-MaSNL |
| 005 |
20260304120633.0 |
| 008 |
250429c1999 xo 0 slo |
| 015 |
|
|
|a SNBRB2004/01-03387
|
| 035 |
|
|
|a CLN000212497
|
| 035 |
|
|
|a urn:nbn:sk:snk-ab790v
|
| 035 |
|
|
|a (uuid)39a8ca74-0c7d-4a5f-a625-078c7918c5f2
|
| 035 |
|
|
|a (urnnbn)urn:nbn:sk:snk:ar-a077wb
|
| 035 |
|
|
|a (sysno)vtls000860894
|
| 040 |
|
|
|a SNKBUCL
|b slo
|c SNKBUCL
|e AACR2
|
| 041 |
0 |
|
|a eng
|
| 044 |
|
|
|a xo
|c SK
|
| 080 |
|
|
|a 551.3.051(234.372.3)"6153/6231"
|2 1997
|
| 080 |
|
|
|a 551.763/.781
|2 1997
|
| 100 |
1 |
|
|a Leszczyński, S.
|4 aut
|9 1424816
|
| 245 |
1 |
0 |
|a Tectonic versus eustatic control of flysch sedimentation in the Polish Outer Carpathians
|c S. Leszczyński
|
| 300 |
|
|
|b Obr., tab.
|
| 504 |
|
|
|a Bibliogr. odkazy
|
| 650 |
0 |
7 |
|a flyš karpatský
|x sedimentácia
|y krieda
|y paleogén
|z Západné Karpaty (Poľsko)
|2 snkbucl
|9 1424817
|
| 655 |
|
7 |
|a články z novín a časopisov
|2 snkbucl
|9 267496
|
| 773 |
0 |
|
|t Geologica carpathica
|g Roč. 50, špec. č. (1999), s. 51-53
|x 1335-0552
|
| 850 |
|
|
|a Slovenská národná knižnica
|
| 852 |
|
|
|a Slovenská národná knižnica
|
| 958 |
|
|
|a article27
|
| 958 |
|
|
|a NB
|
| 958 |
|
|
|a PL
|
| 958 |
|
|
|a OND
|
| 958 |
|
|
|a EUIPO
|
| 999 |
|
|
|c 2880913
|d 2882843
|